Entry Personal Name
Number of records used in: 1
001 - CONTROL NUMBER
003 - CONTROL NUMBER IDENTIFIER
005 - DATE AND TIME OF LATEST TRANSACTION
- control field:
20240118120526.0
008 - FIXED-LENGTH DATA ELEMENTS
- fixed length control field:
240118|| aca||aabn | a|a d
040 ## - CATALOGING SOURCE
- Original cataloging agency:
JRU
- Transcribing agency:
JRU
100 ## - HEADING--PERSONAL NAME
- Personal name:
PANKAJ, PRANNATH
670 ## - SOURCE DATA FOUND
- Source citation:
Work cat.: (JRU)8481: PANKAJ, PRANNATH, MULYAPARAK SIKSHA KI AVDHARNA EVAM SIKSHAKON KA PARIKSHAN